000
00298nam a22001337a 4500
008
170411b xxu||||| |||| 00| 0 eng d
020
_a
0070162735
041
_a
eng
080
_a
612.39
100
_a
9
101
_a
SHM
245
_a
COOKING WITH THE CUISINART
_c
DE GROOT, R.A
942
_2
udc
_c
BK
999
_c
10320
_d
10320